| 000 | 00565nam a2200193 a 4500 | ||
|---|---|---|---|
| 003 | PILC | ||
| 005 | 20160218142008.0 | ||
| 008 | 111201s19uu xx 00 eng d | ||
| 020 | _a9780521617819 | ||
| 050 |
_aBL 65.P7 _b.H36 2006 |
||
| 100 | _aHanson, Eric O. | ||
| 245 |
_aReligion and politics in the international system today / _cEric O. Hanson. |
||
| 260 |
_aNew York : _bCambridge University Press, _c2006. |
||
| 300 |
_a345 pages ; _c23 cm. |
||
| 500 | _aIncludes index. | ||
| 650 | _aReligion and politics | ||
| 942 |
_cBK _2lcc _kFOR |
||
| 999 |
_c25094 _d25094 |
||